| 000 | 01302cam a2200265 4500 | ||
|---|---|---|---|
| 001 | ABS63064 | ||
| 008 | 000000n2000 000 0 eng u | ||
| 035 | _a(Sirsi) u108982 | ||
| 100 | _aCastorina, G. | ||
| 245 | _aNorthern exposure | ||
| 260 | _c2000 | ||
| 490 |
_aEstates Gazette _v(0041) 14 October 2000, 200(1) |
||
| 520 | _aThe European Convention on Human Rights, currently coming into force in the UK, has been in force in Scotland for a year. Looks at Scottish cases, particularly the recent "County Properties Ltd v The Scottish Ministers", which confirms that aspects of the UK planning system do contravene European human rights legislation. Elements of the consultation process infringe upon the Convention Rights. The European Court also found that the practice of referring inspectors' decisions to the High Court contravened the Convention. | ||
| 590 | _aABS | ||
| 650 | _aCONVENTION FOR THE PROTECTION OF HUMAN RIGHTS AND FUNDAMENTAL FREEDOMS | ||
| 650 | _aCOUNTY PROPERTIES LTD V THE SCOTTISH MINISTERS | ||
| 650 | _aINFRINGEMENT | ||
| 650 | _aSCOTLAND | ||
| 650 | _aSCOTTISH LAW | ||
| 650 | _aPLANNING SYSTEM | ||
| 650 | _aCONSULTATION PROCESS | ||
| 690 | _aENVIRONMENTAL AND LAND CONSULTANCY-PLANNING AND DEVELOPMENT | ||
| 700 | _aHollerin, .G | ||
| 942 | _n0 | ||
| 999 |
_c65082 _d65082 |
||